Libro con sombras ¡que asustan! /

Guardado en:
Autor Principal: Meesukhon, Patcharee
Otros Autores: Yeesman, Vinit; il.
Formato: Libro
Publicado: Buenos Aires : Cypress, 2012
Series:Libro con ventanitas
Materias:
Etiquetas: Agregar Etiqueta
Sin Etiquetas, Sea el primero en etiquetar este registro!
LEADER 00910nam a22002535a 4500
001 CEM.cems015394
008 130507s2012##################000#0#####d
005 20250325154457.0
245 1 0 |a Libro con sombras ¡que asustan! /  |c Patcharee Meesukhon ; ilustrado Por Vinit Yeesman 
260 |a Buenos Aires :  |b Cypress,  |c 2012 
300 |a 24 p. 
490 0 |a Libro con ventanitas 
020 |a 9789871208555 
100 1 |a Meesukhon, Patcharee 
700 1 |a Yeesman, Vinit; il. 
082 0 4 |a A868.4 
653 |a Literatura 
653 |a Literatura argentina 
653 |a Literatura infantil 
653 |a Cuentos infantiles 
653 |a Colección ciencias de la educación 
859 |a CEMS  |b BIB. CEMS - Ccias. Educacion  |h A868.4  |i M472  |k CE  |p 28726.19  |t Ej.1 
859 |a CEMS  |b BIB. CEMS - Inicial y Primaria  |h A868.4  |i M472  |k IP  |p 3908  |t Ej.1 
859 |a CEMS  |b BIB. CEMS - Ccias. Educacion  |h A868.4  |i M472  |k CE  |p 28727.19  |t Ej.2